000 01574nam a22003137a 4500
003 OSt
005 20260327150349.0
008 260327t2006 xxu||||| |||| 00| 0 spa d
020 _a849352316X
040 _aUnicoc
_bspa
_c00001
_d00001
082 _a150
100 _912834
_aRoca i Balasch, Josep
245 _aPsicología
_b: una introducción teórica
_c/ Josep Roca i Balasch
250 _a1 Ed.
260 _aEspaña :
_bDocumenta Universitaria ,
_c2006
300 _a342 páginas
_b Ilustraciones, tablas
440 _912836
_a Liceu psicològic
_n3
500 _aIncluye bibliografía
505 _tCapítulo 1. una clasificación de las ciencias. –
_tCapítulo 2. conocimiento psicológico ordinario. –
_tCapítulo 3. psicología diferencial. –
_tCapítulo 4. principios generales. –
_tCapítulo 5. comportamiento psíquico. –
_tCapítulo 6. el cambio cuantitativo en el comportamiento psíquico. –
_tCapítulo 7. la evolución psíquica. –
_tCapítulo 8. la individualidad. –
_tCapítulo 9.- criterios, categorías y conceptos psicológicos.
526 _5Unicoc
546 _aEspañol
650 0 _9453
_aPsicología
_vTeoría
650 0 _912837
_aIntroducción a la psicología
650 0 _910275
_aPsicología del desarrollo
650 0 _96579
_aPsicología social.
658 0 _910741
_aPrograma de Psicología
856 _yAcceso online exclusivo para comunidad Unicoc.
_uhttps://unicoceduco-my.sharepoint.com/:b:/g/personal/direccionbiblioteca_unicoc_edu_co/IQCGFhEOA20TRrgoLV6c8GJ2AVI_nDz_i0U24CVKadK8GkI
942 _2ddc
_cEBOOK
999 _c10799
_d10799